|
|
|
|
| LEADER |
03481nam a22004213i 4500 |
| 001 |
EBC5578616 |
| 003 |
MiAaPQ |
| 005 |
20231204023214.0 |
| 006 |
m o d | |
| 007 |
cr cnu|||||||| |
| 008 |
231204s2017 xx o ||||0 eng d |
| 020 |
|
|
|a 9783319550923
|q (electronic bk.)
|
| 020 |
|
|
|z 9783319550916
|
| 035 |
|
|
|a (MiAaPQ)EBC5578616
|
| 035 |
|
|
|a (Au-PeEL)EBL5578616
|
| 035 |
|
|
|a (OCoLC)1066181811
|
| 040 |
|
|
|a MiAaPQ
|b eng
|e rda
|e pn
|c MiAaPQ
|d MiAaPQ
|
| 050 |
|
4 |
|a HD28-70
|
| 100 |
1 |
|
|a Elert, Niklas.
|
| 245 |
1 |
0 |
|a Institutional Reform for Innovation and Entrepreneurship :
|b An Agenda for Europe.
|
| 250 |
|
|
|a 1st ed.
|
| 264 |
|
1 |
|a Cham :
|b Springer International Publishing AG,
|c 2017.
|
| 264 |
|
4 |
|c Ã2017.
|
| 300 |
|
|
|a 1 online resource (111 pages)
|
| 336 |
|
|
|a text
|b txt
|2 rdacontent
|
| 337 |
|
|
|a computer
|b c
|2 rdamedia
|
| 338 |
|
|
|a online resource
|b cr
|2 rdacarrier
|
| 490 |
1 |
|
|a SpringerBriefs in Economics Series
|
| 505 |
0 |
|
|a Intro -- Acknowledgements -- Contents -- Executive Summary -- 1 Introduction: Europe's Innovation Emergency -- Abstract -- References -- 2 Innovation, Entrepreneurship and the Complementary Skill Structure -- Abstract -- 2.1 Entrepreneurship in Europe-A First Glance -- 2.2 The Entrepreneurial Ecosystem: The Requisite Complementary Skill Structure -- 2.3 Diverse Capitalisms in the European Union -- References -- 3 Innovation and Entrepreneurship in the European Union-A Reform Agenda -- Abstract -- 3.1 The Rule of Law and Protection of Property Rights -- 3.1.1 Preamble -- 3.1.2 Reform Agenda -- 3.2 Taxation -- 3.2.1 Preamble -- 3.2.2 Reform Agenda -- 3.2.2.1 Taxation of Labor Income -- 3.2.2.2 Taxation of Corporate Income -- 3.2.2.3 Taxation of Dividends and Capital Gains -- 3.2.2.4 Taxation of Stock Options -- 3.3 Regulations Governing Savings, Capital and Finance -- 3.3.1 Preamble -- 3.3.2 Reform Agenda -- 3.4 The Organization of Labor Markets and Social Insurance Systems -- 3.4.1 Preamble -- 3.4.2 Reform Agenda -- 3.4.2.1 Employment Protection Legislation -- 3.4.2.2 Social Insurance Systems -- 3.4.2.3 Conclusions on the Organization of Labor Markets -- 3.5 Regulation of Goods and Service Markets -- 3.5.1 Preamble -- 3.5.2 Reform Agenda -- 3.6 Bankruptcy Law and Insolvency Regulation -- 3.6.1 Preamble -- 3.6.2 Reform Agenda -- 3.7 R& -- D, Commercialization and Knowledge Spillovers -- 3.7.1 Preamble -- 3.7.2 Reform Agenda -- 3.8 Incentives for Human Capital Investment -- 3.8.1 Preamble -- 3.8.2 Reform Agenda -- 3.9 Informal Institutions -- 3.9.1 Preamble -- 3.9.2 Reform Agenda -- 3.10 Summary and Conclusions: Institutions Nurturing a More Entrepreneurial Europe -- References -- 4 Summary and Conclusions -- Abstract -- References -- Appendix -- References.
|
| 588 |
|
|
|a Description based on publisher supplied metadata and other sources.
|
| 590 |
|
|
|a Electronic reproduction. Ann Arbor, Michigan : ProQuest Ebook Central, 2023. Available via World Wide Web. Access may be limited to ProQuest Ebook Central affiliated libraries.
|
| 655 |
|
4 |
|a Electronic books.
|
| 700 |
1 |
|
|a Henrekson, Magnus.
|
| 700 |
1 |
|
|a Stenkula, Mikael.
|
| 776 |
0 |
8 |
|i Print version:
|a Elert, Niklas
|t Institutional Reform for Innovation and Entrepreneurship
|d Cham : Springer International Publishing AG,c2017
|z 9783319550916
|
| 797 |
2 |
|
|a ProQuest (Firm)
|
| 830 |
|
0 |
|a SpringerBriefs in Economics Series
|
| 856 |
4 |
0 |
|u https://ebookcentral.proquest.com/lib/matrademy/detail.action?docID=5578616
|z Click to View
|